| 000 | 00411pab a2200157 454500 | ||
|---|---|---|---|
| 008 | 180718b2000 xxu||||| |||| 00| 0 eng d | ||
| 100 | _aAcharyya, Rajat | ||
| 245 | _aGlobalisation and inequality: an analytical perspective | ||
| 260 | _c2000 | ||
| 300 | _ap.3503-510 | ||
| 362 | _a23 Sep | ||
| 650 | _aGlobalization | ||
| 700 | _aMarjit, Sugata | ||
| 773 | _aEconomic and Political Weekly | ||
| 909 | _a46301 | ||
| 999 |
_c46301 _d46301 |
||